000 00604nam a2200193Ia 4500
003 GCL
008 140319s9999 xx 000 0 ara d
040 _aGCL /
_cGCL
082 0 4 _a611.3
_bا ك
100 1 _aابوشادى الروبى
245 1 0 _aالكبد المرارة - البنكرياس امراضها علاجها الوقاية منها /
_cابوشادى الروبى
300 _a216 ص
490 _a
650 0 4 _aالصحة الوقائية
650 0 4 _aالجهاز الهضمى
650 0 4 _aالجهاز الهضمى - امراض
650 0 4 _aالكبد
942 _2ddc
_cBK
999 _c39525
_d39525